[Event "Deutsche Ländermeisterschaft 2015"]
[Site "Hannover GER"]
[Date "2015.10.07"]
[Round "7"]
[White "Breitzmann, Sander"]
[Black "Unbehend, Marius"]
[Result "1-0"]
[Termination "normal"]
[Board "8.7"]
[WhiteElo "1569"]
[BlackElo "863"]
[WhiteTeam "Berlin"]
[BlackTeam "Saarland"]
[PlyCount "153"]
[WhiteFideId "12987085"]
[BlackFideId "16214420"]
[EventCountry "GER"]
[EventRounds "7"]
[EventType "team-swiss"]
[EventDate "2015.10.02"]

1. e4 e6 2. d4 d5 3. Nc3 dxe4 4. Nxe4 Bd7 5. Nf3 Bc6 6. Bd3 Be7 7. O-O Nd7 8.
Re1 Ngf6 9. Ng3 O-O 10. Ne5 h6 11. Nxc6 bxc6 12. Ne4 c5 13. dxc5 Nxc5 14. Nxc5
Bxc5 15. Qf3 Qd6 16. Bf4 Qb6 17. Be5 Nd7 18. Bg3 Rae8 19. Rad1 Qxb2 20. Bxc7
Bb4 21. Rb1 Qc3 22. Qe4 Nf6 23. Qxb4 Qxc7 24. Qb7 Qxb7 25. Rxb7 a5 26. Bb5 Rb8
27. Rxb8 Rxb8 28. c4 Rd8 29. a4 Ne4 30. h3 Nc5 31. Kf1 f6 32. g3 h5 33. Ke2 Kf7
34. Rd1 Rxd1 35. Kxd1 e5 36. Kd2 Ke6 37. Ke3 Kf5 38. f3 g6 39. Bc6 g5 40. Be4+
Ke6 41. Bc2 f5 42. f4 Kf6 43. fxg5+ Kxg5 44. h4+ Kg4 45. Kf2 f4 46. Bd1+ Kf5
47. gxf4 exf4 48. Kf3 Ke5 49. Bc2 Ne6 50. Bg6 Nd4+ 51. Kf2 Kf6 52. Bxh5 Kf5 53.
Bf3 Ne6 54. h5 Kg5 55. Bd1 Kh6 56. Kf3 Kxh5 57. Ke4+ Kg5 58. Ke5 Nc5 59. Kd5
Nxa4 60. Bxa4 f3 61. Bd1 Kf4 62. Bxf3 Kxf3 63. c5 a4 64. Kc4 Ke4 65. c6 a3 66.
Kb3 Kd5 67. c7 a2 68. Kxa2 Kd6 69. c8=Q Ke7 70. Qc6 Kf7 71. Kb3 Ke7 72. Kc4 Kf7
73. Kd5 Kg7 74. Ke5 Kh8 75. Qd7 Kg8 76. Kf6 Kh8 77. Qg7# 1-0

[Event "Deutsche Ländermeisterschaft 2015"]
[Site "Hannover GER"]
[Date "2015.10.07"]
[Round "7"]
[White "Huppert, Anna"]
[Black "Schnabel, Luise"]
[Result "0-1"]
[Termination "normal"]
[Board "8.8"]
[WhiteElo "967"]
[BlackElo "1435"]
[WhiteTeam "Saarland"]
[BlackTeam "Berlin"]
[PlyCount "108"]
[WhiteFideId "16214439"]
[BlackFideId "12943347"]
[EventCountry "GER"]
[EventRounds "7"]
[EventType "team-swiss"]
[EventDate "2015.10.02"]

1. e4 c5 2. Nc3 d6 3. Nf3 Nf6 4. d4 cxd4 5. Qxd4 Nc6 6. Bb5 Bd7 7. Bxc6 Bxc6 8.
Be3 e6 9. O-O-O Be7 10. Bg5 e5 11. Qe3 Qc7 12. Bxf6 Bxf6 13. Nd5 Bxd5 14. Rxd5
O-O 15. h4 Rac8 16. c3 a6 17. a4 Rfd8 18. h5 h6 19. g4 Qc4 20. g5 Qxa4 21. gxh6
Qa1+ 22. Kd2 Qxh1 23. h7+ Kxh7 24. Ng5+ Bxg5 25. Qxg5 Qf3 26. Qf5+ Qxf5 27.
exf5 Kh6 28. f4 Kxh5 29. Ke3 Kg4 30. fxe5 Kxf5 31. exd6+ Ke6 32. d7 Rxd7 33.
Rxd7 Kxd7 34. Kd4 Ke6 35. b4 f5 36. c4 g5 37. c5 g4 38. Ke3 Ke5 39. Ke2 Kd4 40.
Kf2 Rxc5 41. bxc5 a5 42. Kg3 a4 43. Kf4 Kxc5 44. Kg3 a3 45. Kf4 a2 46. Kg3 a1=Q
47. Kf4 Qd4+ 48. Kxf5 Qe3 49. Kxg4 Qf2 50. Kg5 Kd5 51. Kg4 Ke5 52. Kg5 Qg2+ 53.
Kh4 Kf5 54. Kh5 Qg5# 0-1